| 000 | 00550 a2200181 4500 | ||
|---|---|---|---|
| 001 | 136547 | ||
| 020 | _a8585696443 | ||
| 040 | _cLeonardo Da Vinci | ||
| 041 | _aPortuguês | ||
| 082 |
_a371.3 T253 _bT253 |
||
| 100 | _aBARRETO, Raquel Goulart (Org.) | ||
| 245 |
_aTecnologias educacionais e educação a distância _bavaliando políticas e práticas |
||
| 260 |
_bQuartet _c2001 _aRio de Janeiro |
||
| 362 | _a20010000 | ||
| 490 | _aEducação e sociedade; n. 9 | ||
| 697 |
_aEducação a distância _aTecnologia _aPedagogia _aFIPEN |
||
| 942 | _cBK | ||
| 999 |
_c136547 _d136547 |
||